Top 15 Countries by Universities - Statistics

General Stats
  • This quiz has been taken 57 times
  • The average score is 13 of 15
Answer Stats
# Universities Country % Correct
2495 China
98%
3180 United States
98%
625 France
96%
5349 India
96%
992 Japan
96%
1264 Brazil
93%
461 Germany
93%
1139 Mexico
91%
1010 Russia
91%
383 Canada
86%
3277 Indonesia
79%
401 South Korea
77%
440 Iran
59%
408 Poland
50%
366 Philippines
48%
No matching quizzes found
Score Distribution
Percent of People with Each Score
Percentile by Number Answered
Your Score History
You have not taken this quiz